Microcontrollers & embedded system (Record no. 5718)
[ view plain ]
| 000 -LEADER | |
|---|---|
| fixed length control field | 00338nam a2200133Ia 4500 |
| 008 - FIXED-LENGTH DATA ELEMENTS--GENERAL INFORMATION | |
| fixed length control field | 150201s2012 xx 000 0 und d |
| 082 ## - DEWEY DECIMAL CLASSIFICATION NUMBER | |
| Classification number | 4.16 |
| Item number | MAR |
| 100 ## - MAIN ENTRY--PERSONAL NAME | |
| Personal name | Marriwala,N |
| 245 ## - TITLE STATEMENT | |
| Title | Microcontrollers & embedded system |
| 260 ## - PUBLICATION, DISTRIBUTION, ETC. (IMPRINT) | |
| Name of publisher, distributor, etc. | S.K. Kataria & SONS |
| Place of publication, distribution, etc. | N.Delhi |
| Date of publication, distribution, etc. | 2012 |
| 300 ## - PHYSICAL DESCRIPTION | |
| Extent | 272p. |
| 700 ## - ADDED ENTRY--PERSONAL NAME | |
| Personal name | Kapoor,V.K |
| 942 ## - ADDED ENTRY ELEMENTS (KOHA) | |
| Source of classification or shelving scheme | Dewey Decimal Classification |
| Koha item type | Books |
| Koha issues (borrowed), all copies | 2 |
| Withdrawn status | Lost status | Source of classification or shelving scheme | Damaged status | Not for loan | Home library | Current library | Date acquired | SGTU | Total Checkouts | Full call number | Barcode | Date last seen | Date last checked out | Bill Date | Koha item type |
|---|---|---|---|---|---|---|---|---|---|---|---|---|---|---|---|
| Dewey Decimal Classification | SGT Engineering Library | SGT Engineering Library | 05/08/2014 | SGTU | 3 | 4.16 MAR | FE6334 | 07/02/2024 | 07/02/2024 | 09/02/2015 | Books |